00667 2200241 4500001002100000005001700021008004100038035002400079090001500103100002200118245009000140250001000230260004200240300002500282650001700307700002300324850001500347980001500362985000600377986001200383999001500395999001500410YOGYA-0209000003738020090227025238.0 ind  0010-020900000037380 a746bSum P aSUMANTRI, Bambang aPola ragam hias corak bunga besarcV.M. Bambaang Sumantri ; editor, Intarina Hardiman aCet.1 aJakartabGramedia Pustaka Utamac2005 a104 hlmbilusc23 cm aPola tekstil aHardiman, Intarina aYOPDYOG(M) a04-25-2006 a2 aMrrtrev a05B0011115 a05B0011116